Emoji Fast Click - Sudden Death - Statistics

General Stats
  • This quiz has been taken 59 times
  • The average score is 31 of 50
Answers on the Grid
Answers color-coded by a green-red scale on the quiz's grid according to % correct below.
๐Ÿ™‚
๐Ÿ™‚
๐Ÿ™‚
๐Ÿ™‚
๐Ÿ™‚
๐Ÿ™‚
๐Ÿ™‚
๐Ÿ™‚
๐Ÿ™‚
๐Ÿ™‚
๐Ÿ™‚
๐Ÿ™‚
๐Ÿ™‚
๐Ÿ™‚
๐Ÿ™‚
๐Ÿ™‚
๐Ÿ™‚
๐Ÿ™‚
๐Ÿ™‚
๐Ÿ™‚
๐Ÿ™‚
๐Ÿ™‚
๐Ÿ™‚
๐Ÿ™‚
๐Ÿ™‚
๐Ÿ™‚
๐Ÿ™‚
๐Ÿ™‚
๐Ÿ™‚
๐Ÿ™‚
๐Ÿ™‚
๐Ÿ™‚
๐Ÿ™‚
๐Ÿ™‚
๐Ÿ™‚
๐Ÿ™‚
๐Ÿ™‚
๐Ÿ™‚
๐Ÿ™‚
๐Ÿ™‚
๐Ÿ™‚
๐Ÿ™‚
๐Ÿ™‚
๐Ÿ™‚
๐Ÿ™‚
๐Ÿ™‚
๐Ÿ™‚
๐Ÿ™‚
๐Ÿ™‚
๐Ÿ™‚
๐Ÿ˜„
โ˜บ๏ธ
๐Ÿ˜Š
๐Ÿซฉ
๐Ÿ™„
๐Ÿ˜
๐Ÿ˜‘
๐Ÿ˜ฌ
๐Ÿ˜ง
๐Ÿ™ƒ
๐Ÿ˜ž
๐Ÿซก
๐Ÿ˜€
๐Ÿ˜
๐Ÿค•
๐Ÿฅด
๐Ÿค
๐Ÿ˜ถ
๐Ÿ˜ฏ
๐Ÿซฅ
๐Ÿ˜†
๐Ÿ˜
๐Ÿฅฒ
๐Ÿ˜‰
๐Ÿ˜Œ
๐Ÿ˜ 
๐Ÿ˜ฎโ€๐Ÿ’จ
๐Ÿคฅ
๐Ÿคซ
๐Ÿค”
๐ŸŒž
๐Ÿค—
๐Ÿ˜“
๐Ÿ˜ณ
๐Ÿ˜ค
๐Ÿ˜ญ
๐Ÿ˜ข
๐Ÿ˜
๐Ÿ˜’
๐Ÿ™‚โ€โ†•๏ธ
๐Ÿ™‚โ€โ†”๏ธ
๐Ÿ˜Ÿ
๐Ÿ˜•
๐Ÿ™
โ˜น๏ธ
๐Ÿ˜ฃ
๐Ÿ˜ฉ
๐Ÿ˜ซ
๐Ÿซจ
๐Ÿ˜—
 
Answer Stats
Answer % Correct
๐Ÿ™‚
74%
๐Ÿ™‚
72%
๐Ÿ™‚
69%
๐Ÿ™‚
69%
๐Ÿ™‚
69%
๐Ÿ™‚
69%
๐Ÿ™‚
69%
๐Ÿ™‚
69%
๐Ÿ™‚
69%
๐Ÿ™‚
67%
๐Ÿ™‚
67%
๐Ÿ™‚
67%
๐Ÿ™‚
67%
๐Ÿ™‚
67%
๐Ÿ™‚
67%
๐Ÿ™‚
67%
๐Ÿ™‚
64%
๐Ÿ™‚
64%
๐Ÿ™‚
64%
๐Ÿ™‚
64%
๐Ÿ™‚
64%
๐Ÿ™‚
64%
๐Ÿ™‚
64%
๐Ÿ™‚
64%
๐Ÿ™‚
64%
๐Ÿ™‚
64%
๐Ÿ™‚
62%
๐Ÿ™‚
62%
๐Ÿ™‚
62%
๐Ÿ™‚
62%
๐Ÿ™‚
62%
๐Ÿ™‚
62%
๐Ÿ™‚
62%
๐Ÿ™‚
62%
๐Ÿ™‚
62%
๐Ÿ™‚
62%
๐Ÿ™‚
59%
๐Ÿ™‚
59%
๐Ÿ™‚
59%
๐Ÿ™‚
59%
๐Ÿ™‚
59%
๐Ÿ™‚
59%
๐Ÿ™‚
56%
๐Ÿ™‚
56%
๐Ÿ™‚
56%
๐Ÿ™‚
56%
๐Ÿ™‚
54%
๐Ÿ™‚
54%
๐Ÿ™‚
51%
๐Ÿ™‚
51%
No matching quizzes found
Score Distribution
Percent of People with Each Score
Percentile by Number Answered
Your Score History
You have not taken this quiz